000 01219nam0a22003611 4500
001 RU\NLR\INFOCOMM_116\5000062454
005 20250613090923.0
035 _a(NLR Aleph) 009084849
090 _a8005045
_c8005045
100 _a20081210d1980 |||y0rusy50 ca
101 0 _aeng
102 _aRU
105 _ay z|||000zy
181 0 _ai
_baxxe
182 0 _an
200 1 _aˆThe ‰decays of B and Bs mesons with production of charmonium states
_fV. N. Baier, A. G. Grozin
203 _aТекст
_bвизуальный
_cнепосредственный
210 _aНовосибирск
_c[б. и.]
_d1980
215 _a12 с.
_d20 см
225 1 _aПрепринт
_fСиб. отд-ние АН СССР, Ин-т ядер. физики
_v80-28
320 _aБиблиогр.: с. 12
606 _aМезоны
_xРаспад
_2nlr_sh1
686 _aВ382.17
_2rubbk
686 _aВ382.234
_2rubbk
700 1 _6z01790
_aBajer
_bV. N.
_gVladimir Nikolaevič
_4070
701 1 _aGrozin
_bA. G.
_gAndrej Gennad'evič
_4070
790 1 _6z01700
_aBaier
_bV. N.
_4070
801 1 _aRU
_bNLR
_c20081210
801 0 _aRU
_bNLR
_gPSBO
852 _aNLR
_jФз01 Д-4/1357
942 _cBOOK
980 _aNB